|
|
|
|
| LEADER |
00000nlm0a2200000 4500 |
| 001 |
194155 |
| 005 |
20231101224533.0 |
| 035 |
|
|
|a (RuTPU)RU\TPU\book\211757
|
| 090 |
|
|
|a 194155
|
| 100 |
|
|
|a 20110406d2011 k y0rusy50 ca
|
| 101 |
0 |
|
|a rus
|
| 102 |
|
|
|a RU
|
| 105 |
|
|
|a a dm 000zy
|
| 135 |
|
|
|a drcn ---uucaa
|
| 181 |
|
0 |
|a i
|
| 182 |
|
0 |
|a b
|
| 200 |
1 |
|
|a Разделение сольватированных ионов металлов при возбуждении колебаний поляризационных зарядов в растворах
|b Электронный ресурс
|e автореферат диссертации на соискание ученой степени кандидата химических наук
|e спец. 05.17.02
|e спец. 02.00.04
|f С. Ю. Долгополов
|g Национальный исследовательский Томский политехнический университет (ТПУ) ; науч. рук. И. В. Шаманин
|
| 203 |
|
|
|a Текст
|c электронный
|
| 210 |
|
|
|a Томск
|d 2011
|
| 215 |
|
|
|a 1 файл (661 Kb)
|
| 230 |
|
|
|a Электронные текстовые данные (1 файл : 661 Kb)
|
| 300 |
|
|
|a Заглавие с титульного экрана
|
| 300 |
|
|
|a Электронная версия печатной публикации
|
| 337 |
|
|
|a Adobe Reader
|
| 452 |
|
1 |
|0 (RuTPU)RU\TPU\book\213015
|t Разделение сольватированных ионов металлов при возбуждении колебаний поляризационных зарядов в растворах
|o автореферат диссертации на соискание ученой степени кандидата химических наук
|o спец. 05.17.02
|f С. Ю. Долгополов
|g Национальный исследовательский Томский политехнический университет (ТПУ) ; науч. рук. И. В. Шаманин
|c Томск
|d 2011
|p 24 с.
|a Долгополов, Сергей Юрьевич
|
| 606 |
1 |
|
|a Растворы
|x Электрохимия
|2 stltpush
|3 (RuTPU)RU\TPU\subj\23902
|9 48394
|
| 610 |
1 |
|
|a электронный ресурс
|
| 610 |
1 |
|
|a авторефераты диссертаций
|
| 610 |
1 |
|
|a растворы
|
| 610 |
1 |
|
|a магнитоиндукционный перенос
|
| 610 |
1 |
|
|a электроиндукционный перенос
|
| 610 |
1 |
|
|a сольватированные ионы
|
| 610 |
1 |
|
|a размеры
|
| 610 |
1 |
|
|a электрическое поле
|
| 610 |
1 |
|
|a магнитное поле
|
| 610 |
1 |
|
|a действие
|
| 610 |
1 |
|
|a самосогласованное поле
|
| 610 |
1 |
|
|a соли
|
| 610 |
1 |
|
|a труды учёных ТПУ
|
| 675 |
|
|
|a 544.35:544.6(04)
|v 3
|
| 686 |
|
|
|a 05.17.02
|2 oksvnk
|
| 686 |
|
|
|a 02.00.04
|2 oksvnk
|
| 700 |
|
1 |
|a Долгополов
|b С. Ю.
|c специалист в области атомной энергетики
|f 1984-
|g Сергей Юрьевич
|2 stltpush
|3 (RuTPU)RU\TPU\pers\28120
|
| 702 |
|
1 |
|a Шаманин
|b И. В.
|c российский физик-ядерщик, специалист в области атомной энергетики
|c профессор Томского политехнического университета, доктор физико-математических наук
|f 1962-
|g Игорь Владимирович
|2 stltpush
|3 (RuTPU)RU\TPU\pers\22022
|4 727
|
| 712 |
0 |
2 |
|a Национальный исследовательский Томский политехнический университет (ТПУ)
|c (2009- )
|2 stltpush
|3 (RuTPU)RU\TPU\col\15902
|
| 801 |
|
1 |
|a RU
|b 63413507
|c 20110406
|
| 801 |
|
2 |
|a RU
|b 63413507
|c 20151116
|g RCR
|
| 856 |
4 |
|
|u http://www.lib.tpu.ru/fulltext/a/2011/07.pdf
|
| 942 |
|
|
|c CF
|